[Event "Ch Hungary (juniors) (team)"]
[Site "masterchessopen.com Miskolc (Hungary)"]
[Date "2011.11.06"]
[Round "8"]
[White "Farkas Gabor (SVK)"]
[Black "Szabo Bence (HUN)"]
[Result "0-1"]
[WhiteElo "2218"]
[BlackElo "2333"]

1.d4 Nf6 2.c4 e6 3.Nc3 Bb4 4.Qc2 d5 5.cxd5 exd5 6.Nf3 c5 7.dxc5 Ne4 8.a3 Bxc3+
9.bxc3 O-O 10.e3 Bf5 11.Bd3 Nd7 12.Nd4 Bg6 13.f3 Qh4+ 14.Kf1 Ng3+ 15.hxg3
Qxh1+ 16.Kf2 Nxc5 17.Bxg6 fxg6 {#R} 0-1

[Event "It (open)"]
[Site "masterchessopen.com Vishakapatnam (India)"]
[Date "2011.11.25"]
[Round "3"]
[White "Ravi Lanka (IND)"]
[Black "Venkatesh M R (IND)"]
[Result "0-1"]
[WhiteElo "2347"]
[BlackElo "2499"]

1.d4 Nf6 2.c4 e6 3.Nc3 Bb4 4.Qc2 d5 5.cxd5 exd5 6.a3 Bxc3+ 7.bxc3 c5 8.Nf3 Nc6
9.Bg5 h6 10.Bxf6 Qxf6 11.e3 O-O 12.Be2 Bf5 13.Qb2 c4 14.O-O Rab8 15.Qb5 Rfd8
16.a4 b6 17.Nd2 Ne7 18.Rfe1 Bd7 19.Qb2 Qg6 20.e4 dxe4 21.Nxe4 Qxe4 22.Bxc4 Qh4
23.Qa2 Qf6 24.Re5 Re8 25.Re3 Nf5 26.Rf3 Re7 27.h3 Rbe8 28.Rf1 Qg5 29.Qa3 Re1
30.Rxe1 Rxe1+ 31.Kh2 Bc6 32.d5 Nh4 33.Rg3 Qf4 34.dxc6 Qxf2 35.Bxf7+ Kxf7
36.Qb3+ Kf6 {#R} 0-1

[Event "It (open)"]
[Site "masterchessopen.com Marseilles (France)"]
[Date "2011.12.27"]
[Round "4"]
[White "Enchev Ivajlo (BUL)"]
[Black "Jehan Julien (FRA)"]
[Result "1-0"]
[WhiteElo "2424"]
[BlackElo "1868"]

1.d4 Nf6 2.c4 e6 3.Nc3 Bb4 4.Qc2 d5 5.cxd5 exd5 6.Bg5 h6 7.Bxf6 Qxf6 8.a3
Bxc3+ 9.Qxc3 c6 10.e3 Bf5 11.Nf3 Nd7 12.b4 O-O 13.Be2 a6 14.a4 Be4 15.O-O Qd6
16.Nd2 Bg6 17.Rfc1 Rfc8 18.Qb3 f5 19.f4 Bf7 20.Bd3 Qe6 21.Re1 Bh5 22.Nc4 Kh8
23.Ne5 Nxe5 24.fxe5 Rf8 25.Rf1 Rf7 26.Ra2 Raf8 27.Raf2 Bg6 28.Qc2 Kh7 29.Rf4
Qe7 30.g4 Qg5 31.Qf2 Kg8 32.h4 Qe7 33.gxf5 Bh5 34.Qd2 g5 35.f6 Qd7 36.hxg5
{#r} 1-0

[Event "It (open) (w)"]
[Site "masterchessopen.com Moscow (Russia)"]
[Date "2012.01.29"]
[Round "2"]
[White "Idrisova Roza (RUS)"]
[Black "Paikidze Nazi (GEO)"]
[Result "0-1"]
[WhiteElo "2128"]
[BlackElo "2411"]

1.d4 Nf6 2.c4 e6 3.Nc3 Bb4 4.Qc2 d5 5.cxd5 exd5 6.Bg5 c5 7.e3 cxd4 8.Bb5+ Bd7
9.Bxd7+ Nbxd7 10.exd4 Qb6 11.Ne2 Ne4 12.Bd2 Rc8 13.O-O O-O 14.Qd3 Bxc3 15.Bxc3
Ndf6 16.b3 Rc6 17.Rac1 Rfc8 18.f3 Nxc3 19.Rxc3 Qa5 20.Rxc6 Rxc6 21.a4 Qc7
22.Rd1 Qe7 23.Kf2 h6 24.Rc1 Rxc1 25.Nxc1 Qc7 26.Ne2 Qxh2 27.Qc3 Qb8 28.Qc5 h5
29.a5 h4 30.b4 b6 31.axb6 axb6 32.Qc6 Qd8 33.b5 Nh5 34.Qc2 g6 35.Qc6 Kg7
36.Qb7 Qd6 37.Qc6 Qd8 38.Qb7 Kg8 39.Qc6 Kf8 40.Nc3 Nf4 41.Ne2 Nxe2 42.Kxe2
Qe8+ 43.Qxe8+ Kxe8 44.f4 Ke7 45.Kf3 Ke6 46.Kg4 Kf6 47.Kxh4 Kf5 48.Kg3 Ke4
49.Kg4 Kxd4 {#R} 0-1

[Event "Ch Departamental"]
[Site "masterchessopen.com Ibague (Colombia)"]
[Date "2012.03.02"]
[Round "1"]
[White "Pardo Aurelio"]
[Black "Pena Mora Carlos"]
[Result "1-0"]
[WhiteElo "2052"]
[BlackElo "1688"]

1.d4 Nf6 2.c4 e6 3.Nc3 Bb4 4.Qc2 d5 5.cxd5 exd5 6.Bg5 O-O 7.e3 Nc6 8.Bd3 h6
9.Bh4 Re8 10.Nf3 Bf8 11.a3 a6 12.h3 b5 13.Nxb5 Bb7 14.Nc3 Rb8 15.O-O Na5
16.Ne5 Ba8 17.Bh7+ {#r} 1-0

[Event "It (cat.2)"]
[Site "masterchessopen.com Chern (Russia)"]
[Date "2012.03.20"]
[Round "6"]
[White "Biriukov Ilja (RUS)"]
[Black "Pogosian Georgy (RUS)"]
[Result "0-1"]
[WhiteElo "2409"]
[BlackElo "2201"]

1.d4 Nf6 2.c4 e6 3.Nc3 Bb4 4.Qc2 d5 5.cxd5 exd5 6.Bg5 h6 7.Bh4 c5 8.dxc5 Nc6
9.e3 g5 10.Bg3 Ne4 11.Nf3 Qa5 12.Nd2 Nxc3 13.bxc3 Bxc3 14.Rc1 Bb4 15.Bd3 d4
16.Ke2 dxe3 17.fxe3 Bg4+ 18.Nf3 O-O 19.Bd6 Rfe8 20.Be4 Re6 21.Bd5 Nd4+ {#R}
0-1

[Event "Memorial Pedro Lezcano Montalvo (open)"]
[Site "masterchessopen.com Las Palmas (Spain)"]
[Date "2012.04.03"]
[Round "2"]
[White "Rodriguez Ferraz Borja (ESP)"]
[Black "Reinaldo Castineira Roi (ESP)"]
[Result "1-0"]
[WhiteElo "2149"]
[BlackElo "2470"]

1.d4 Nf6 2.c4 e6 3.Nc3 Bb4 4.Qc2 d5 5.cxd5 exd5 6.Bg5 h6 7.Bxf6 Qxf6 8.e3 c5
9.Bb5+ Nc6 10.Ne2 cxd4 11.Nxd4 O-O 12.Rd1 Bg4 13.Be2 Be6 14.O-O Rac8 15.Qa4
Bd6 16.Bf3 Rfd8 17.Nce2 Ne5 18.b3 a6 19.Kh1 Bd7 20.Qa5 Rc5 21.Qd2 g5 22.Ng3
Rdc8 23.Be2 Ng6 24.Bd3 Nh4 25.Bb1 Rc3 26.Nde2 Bh3 27.Rg1 Nf3 28.Qxd5 Nxg1
29.Nxc3 Bxg3 30.Ne4 Qe5 31.Nxg3 Qxd5 32.Rxd5 Rc1 33.Rd8+ {#r} 1-0

[Event "It (cat.1)"]
[Site "masterchessopen.com Budapest (Hungary)"]
[Date "2012.05.14"]
[Round "10"]
[White "Lengyel Bela (HUN)"]
[Black "Kojima Shinya (JPN)"]
[Result "0-1"]
[WhiteElo "2257"]
[BlackElo "2264"]

1.d4 Nf6 2.c4 e6 3.Nc3 Bb4 4.Qc2 d5 5.cxd5 exd5 6.Bg5 c5 7.e3 cxd4 8.exd4 Nc6
9.Bb5 h6 10.Bh4 O-O 11.Ne2 Be6 12.O-O Rc8 13.Qd3 Bd6 14.Bg3 Nb4 15.Qd1 Bg4
16.f3 Bf5 17.Bxd6 Qxd6 18.Ng3 Bh7 19.Rf2 Qb6 20.Bf1 Nc6 21.Rd2 Na5 22.Nh1 Nc4
23.Bxc4 dxc4 24.Nf2 Rfd8 25.Ne2 Nd5 26.a3 Re8 27.Kh1 Re3 28.Rc1 Rb3 29.Nc3 Nf4
30.Qe1 Kf8 31.Qe5 Qc7 32.g3 Nd3 33.Nxd3 Bxd3 34.Nd5 Qxe5 35.dxe5 Rc5 36.Ne3
Rxe5 {#R} 0-1

[Event "It (open)"]
[Site "masterchessopen.com Karvina (Czech Republic)"]
[Date "2012.07.04"]
[Round "5"]
[White "Kociscak Jiri (CZE)"]
[Black "Kocwin Bartosz (POL)"]
[Result "0-1"]
[WhiteElo "2412"]
[BlackElo "2212"]

1.d4 Nf6 2.c4 e6 3.Nc3 Bb4 4.Qc2 d5 5.cxd5 exd5 6.Bg5 O-O 7.e3 c6 8.Bd3 h6
9.Bh4 Re8 10.Ne2 Nbd7 11.O-O-O Be7 12.f3 b5 13.Kb1 Qa5 14.Bf2 b4 15.Na4 Nb6
16.Nc5 Nfd7 17.Nb3 Qa4 18.e4 Ba6 19.Nec1 Rac8 20.Rhe1 Bc4 21.e5 c5 22.dxc5
Nxc5 23.Nxc5 Qxc2+ 24.Bxc2 Bxc5 25.Bg3 a5 26.f4 a4 27.f5 d4 28.Bd3 Bd5 29.Ba6
Ra8 30.Bb5 Rec8 31.e6 fxe6 32.fxe6 Be7 33.Rxd4 b3 34.Bd7 Rc2 35.Be5 Rf8
36.Bxa4 bxa2+ 37.Nxa2 Rxg2 38.Bd7 Rff2 39.Rf4 Nc4 {#R} 0-1

[Event "Ch Turkey (team)"]
[Site "masterchessopen.com Konya (Turkey)"]
[Date "2012.07.12"]
[Round "2"]
[White "Savina Anastasia (RUS)"]
[Black "Atalik Ekaterina (TUR)"]
[Result "0-1"]
[WhiteElo "2304"]
[BlackElo "2448"]

1.d4 Nf6 2.c4 e6 3.Nc3 Bb4 4.Qc2 d5 5.cxd5 exd5 6.Bg5 c5 7.Nf3 h6 8.Bh4 g5
9.Bg3 Ne4 10.dxc5 Bf5 11.e3 Nxg3 12.Qa4+ Bd7 13.Qxb4 Nc6 14.Qb3 Nxh1 15.Rd1
Qa5 16.Qb5 Qxb5 17.Bxb5 O-O-O 18.Ke2 g4 19.Nh4 Rhe8 20.Bxc6 Bxc6 21.Rxh1 d4
22.Nd1 Re5 23.h3 Rxc5 24.hxg4 d3+ 25.Ke1 Rc2 26.f3 Re2+ 27.Kf1 Bb5 {#R} 0-1

[Event "It (open)"]
[Site "masterchessopen.com Rennes (France)"]
[Date "2012.07.13"]
[Round "9"]
[White "Ivanov Jordan (BUL)"]
[Black "Inkiov Ventzislav (BUL)"]
[Result "0-1"]
[WhiteElo "2367"]
[BlackElo "2460"]

1.d4 Nf6 2.c4 e6 3.Nc3 Bb4 4.Qc2 d5 5.cxd5 exd5 6.Bg5 h6 7.Bh4 c5 8.dxc5 g5
9.Bg3 Ne4 10.e3 Qa5 11.Ne2 Bf5 12.Be5 O-O 13.Nd4 Re8 14.Bxb8 Bg6 15.Bc7 Qxc7
16.Bd3 Bxc5 17.Bxe4 dxe4 18.Nd5 Qa5+ {#R} 0-1

[Event "Cup Russia (open)"]
[Site "masterchessopen.com Izhevsk (Russia)"]
[Date "2012.07.16"]
[Round "2"]
[White "Murtazin Bulat (RUS)"]
[Black "Vafin Ayrat (RUS)"]
[Result "1-0"]
[WhiteElo "1978"]
[BlackElo "2183"]

1.d4 Nf6 2.c4 e6 3.Nc3 Bb4 4.Qc2 d5 5.cxd5 exd5 6.Bg5 Nbd7 7.e3 c5 8.a3 Qa5
9.Rc1 Bxc3+ 10.Qxc3 Qxc3+ 11.bxc3 Ne4 12.Bf4 Ke7 13.Bd3 c4 14.Bb1 Nb6 15.Ne2
Be6 16.Bc2 Nd7 17.Rb1 b6 18.f3 Nd6 19.e4 a6 20.a4 Rab8 21.Bc1 f5 22.Ba3 fxe4
23.fxe4 dxe4 24.d5 Bg4 25.Nd4 Ne5 26.h3 Bc8 27.Rd1 Bd7 28.Bxe4 Bxa4 29.Ra1 Bd7
30.O-O b5 31.Bb4 Ra8 32.Rad1 a5 33.Bc5 b4 34.Nc6+ Bxc6 35.dxc6 Nd3 36.Bxd3
cxd3 37.cxb4 Ke6 38.Rfe1+ Kd5 39.Rxd3+ Kxc6 40.Rxd6+ Kb5 41.Rb6+ Kc4 42.Rc1+
Kd3 43.Rd6+ Ke4 44.Re1+ Kf5 45.Rde6 axb4 46.R1e5+ Kf4 47.Be3+ Kg3 48.Rg5+ {#r}
1-0

[Event "It (open)"]
[Site "masterchessopen.com Lingen (Germany)"]
[Date "2012.07.21"]
[Round "2"]
[White "Hoellmann Ludger (GER)"]
[Black "Kewe Stefan (GER)"]
[Result "1-0"]
[WhiteElo "2145"]
[BlackElo "1953"]

1.d4 Nf6 2.c4 e6 3.Nc3 Bb4 4.Qc2 d5 5.cxd5 exd5 6.Bg5 c6 7.e3 Be6 8.Bd3 Nbd7
9.Ne2 O-O 10.Bxh7+ Kh8 11.Bd3 Qa5 12.O-O Bd6 13.Bf4 Bxf4 14.Nxf4 g5 15.Nfe2
Kg7 16.f4 Ng4 17.Rf3 f6 18.Rg3 Nh6 19.fxg5 fxg5 20.Rxg5+ Kf7 21.Rf1+ Ke7
22.Nf4 Rf6 23.Ne4 Rf5 24.Ng6+ Kd8 25.Rgxf5 Nxf5 26.Ng5 Nxe3 27.Nxe6+ Kc8
28.Qf2 Nxf1 29.Ne7+ {#r} 1-0

[Event "It \"]
[Site "masterchessopen.com Olomouc (Czech Republic)"]
[Date "2012.08.06"]
[Round "6"]
[White "Villegas Pierre (MNC)"]
[Black "Saduakassova Dinara (KAZ)"]
[Result "1-0"]
[WhiteElo "2274"]
[BlackElo "2216"]

1.d4 Nf6 2.c4 e6 3.Nc3 Bb4 4.Qc2 d5 5.cxd5 exd5 6.Bg5 c5 7.dxc5 h6 8.Bh4 g5
9.Bg3 Ne4 10.e3 Qa5 11.Rc1 Qxa2 12.Bb5+ Nc6 13.Ne2 Bf5 14.O-O Bxc3 15.Nxc3
Nxg3 16.hxg3 Bxc2 17.Nxa2 Bb3 18.Nb4 Kd7 19.Nd3 Kc7 20.Rc3 Bc4 21.Bxc4 dxc4
22.Rxc4 Rad8 23.Nb4 Nxb4 24.Rxb4 Rd2 25.Ra1 Kb8 26.c6 b6 27.Rd4 Rd8 28.c7+
Kxc7 29.Rxa7+ Kc6 30.Rxd8 Rxd8 31.Rxf7 Rd1+ 32.Kh2 Rd2 33.b3 g4 34.Rf6+ Kc5
35.Rxh6 Rxf2 36.Rg6 Rb2 37.Rg5+ Kd6 38.Rxg4 Rxb3 39.Re4 b5 40.g4 Kd5 41.Re8
Rb4 42.Kg3 Re4 43.Rxe4 Kxe4 44.Kf2 {#r} 1-0

[Event "Memorial A.Rubinstein (open) (b)"]
[Site "masterchessopen.com Polanica Zdroj (Poland)"]
[Date "2012.08.21"]
[Round "4"]
[White "Laszewicz Pawel (POL)"]
[Black "Lizak Grzegorz (POL)"]
[Result "1-0"]
[WhiteElo "2197"]
[BlackElo "1773"]

1.d4 Nf6 2.c4 e6 3.Nc3 Bb4 4.Qc2 d5 5.cxd5 exd5 6.Bg5 h6 7.Bh4 Be6 8.a3 Bxc3+
9.Qxc3 Nbd7 10.e3 c6 11.f3 Qb6 12.Bd3 c5 13.Bxf6 cxd4 14.Bxd4 {#r} 1-0

[Event "It (cat.1)"]
[Site "masterchessopen.com Satka (Russia)"]
[Date "2012.08.21"]
[Round "5"]
[White "Khusnutdinov Rustam (KAZ)"]
[Black "Sihite Chelsie Monica (INA)"]
[Result "1-0"]
[WhiteElo "2503"]
[BlackElo "2162"]

1.d4 Nf6 2.c4 e6 3.Nc3 Bb4 4.Qc2 d5 5.cxd5 exd5 6.Bg5 h6 7.Bh4 c5 8.dxc5 g5
9.Bg3 Ne4 10.e3 Qa5 11.Rc1 Qxa2 12.Bb5+ Bd7 13.Bxd7+ Nxd7 14.Ne2 Nxc3 15.Nxc3
Qa6 16.Bd6 Bxc5 17.Bxc5 Nxc5 18.Rd1 d4 19.Rxd4 Rc8 20.h4 Ne6 21.Rd1 g4 22.Qf5
h5 23.Ne4 Rc6 24.Qe5 Rh6 25.Nd6+ Rxd6 26.Rxd6 Qc4 27.Kd2 Ke7 28.Rd1 f6 29.Qd5
Qxd5+ 30.Rxd5 Nc7 31.Rc5 Ne6 32.Rb5 Nd8 33.Kc3 b6 34.Rbd5 Nc6 35.Rd7+ Ke8
36.e4 f5 37.R1d6 Rxd6 38.Rxd6 Ne7 39.Kd4 {#r} 1-0

[Event "Ch France (accession)"]
[Site "masterchessopen.com Pau (France)"]
[Date "2012.08.24"]
[Round "10"]
[White "Favarel Julien (FRA)"]
[Black "Colin Vincent (FRA)"]
[Result "0-1"]
[WhiteElo "2270"]
[BlackElo "2391"]

1.d4 Nf6 2.c4 e6 3.Nc3 Bb4 4.Qc2 d5 5.cxd5 exd5 6.Bg5 h6 7.Bh4 g5 8.Bg3 Ne4
9.e3 Nxg3 10.hxg3 c6 11.Bd3 Be6 12.Ne2 Nd7 13.O-O-O Nf6 14.f3 Qe7 15.Kb1 O-O-O
16.a3 Ba5 17.Rc1 Kb8 18.Rhe1 Bc8 19.e4 dxe4 20.fxe4 Bxc3 21.bxc3 Qxa3 22.Qa2
Qxa2+ 23.Kxa2 Rhe8 24.e5 Ng4 25.Bc4 f6 26.exf6 Nxf6 {#R} 0-1

[Event "Olympiad (under 16)"]
[Site "masterchessopen.com Istanbul (Turkey)"]
[Date "2012.09.05"]
[Round "10"]
[White "Papasimakopoulos Alexandros (GRE)"]
[Black "Dolnak Michal (SVK)"]
[Result "1-0"]
[WhiteElo "2045"]
[BlackElo "2170"]

1.d4 Nf6 2.c4 e6 3.Nc3 Bb4 4.Qc2 d5 5.cxd5 exd5 6.Bg5 h6 7.Bh4 c5 8.dxc5 g5
9.Bg3 Ne4 10.e3 Nc6 11.Bd3 Nxc5 12.Ne2 Be6 13.O-O Qf6 14.Rfd1 Rd8 15.Nb5 Ne5
16.Bh7 Ncd7 17.Nc7+ Kf8 18.Nxd5 Bxd5 19.Rxd5 Kg7 20.Bf5 Bd6 21.Rad1 Nb6
22.R5d4 Nec4 23.b3 Na3 24.Qd3 Be7 25.Bc7 Rxd4 26.exd4 Bd6 27.Ng3 {#r} 1-0

[Event "Memorial Kesarovski - Stanchev (open)"]
[Site "masterchessopen.com Sunny Beach (Bulgaria)"]
[Date "2012.09.06"]
[Round "6"]
[White "Drenchev Petar (BUL)"]
[Black "Yakimenko Alexander A (RUS)"]
[Result "1-0"]
[WhiteElo "2506"]
[BlackElo "2220"]

1.d4 e6 2.c4 Nf6 3.Nc3 Bb4 4.Qc2 d5 5.cxd5 exd5 6.Bg5 O-O 7.e3 h6 8.Bh4 c6
9.Bd3 Re8 10.Ne2 Nbd7 11.O-O Nf8 12.h3 Be7 13.Bg3 Bd6 14.Rab1 Bxg3 15.Nxg3 Ne6
16.b4 a6 17.Na4 Ng5 18.Nc5 Qd6 19.Bf5 Bxf5 20.Nxf5 Qc7 21.a4 Nge4 22.Rfc1 Qc8
23.Nh4 Nd6 24.Rb3 b6 25.Nd3 Nc4 26.Nf3 Ne4 27.Nb2 b5 28.Ra1 Re7 29.Nd3 Rea7
30.Rbb1 Qe8 31.Ra2 a5 32.Rba1 axb4 33.Nxb4 bxa4 34.Rxa4 Rxa4 35.Rxa4 c5
36.Rxa8 Qxa8 37.dxc5 Nxc5 38.Qf5 Nb6 39.Ne5 Qe8 40.Nec6 Qe6 41.Qf4 Ncd7 42.Qc7
Kh7 43.Qd8 g6 44.Ne7 Kg7 45.Qg8+ Kf6 46.Nbc6 Kg5 47.Kh2 Nf6 48.Qb8 Nh5 49.f4+
Kh4 50.Nd4 {#r} 1-0

[Event "Ch Uzbekistan (juniors) (under 20)"]
[Site "masterchessopen.com Novbahor (Uzbekistan)"]
[Date "2012.09.16"]
[Round "11"]
[White "Guseynov Alihan (UZB)"]
[Black "Tillyaev Ulugbek (UZB)"]
[Result "0-1"]
[WhiteElo "2113"]
[BlackElo "2224"]

1.d4 Nf6 2.c4 e6 3.Nc3 Bb4 4.Qc2 d5 5.cxd5 exd5 6.Bg5 Qd6 7.e3 Ne4 8.Bf4 Qg6
9.Qb3 Ba5 10.Nf3 Nc6 11.Bg3 O-O 12.Bd3 Nb4 13.Bb1 Qa6 14.Ne5 c5 15.dxc5 Be6
16.a3 Nc6 17.Bxe4 dxe4 18.Qc2 Nxe5 19.Bxe5 Bc4 20.Qxe4 Rfe8 21.Qf4 Rad8 22.Bd6
b6 23.c6 Bxc3+ 24.bxc3 Qb5 25.O-O-O Qxc6 26.Rd4 Bd5 27.c4 Rxd6 28.Kb2 Rf6 {#R}
0-1

[Event "Cup Russia (open)"]
[Site "masterchessopen.com Vladivostok (Russia)"]
[Date "2012.09.20"]
[Round "4"]
[White "Smirnov Pavel (RUS)"]
[Black "Tsydypov Zhamsaran (RUS)"]
[Result "1-0"]
[WhiteElo "2605"]
[BlackElo "2338"]

1.d4 Nf6 2.c4 e6 3.Nc3 Bb4 4.Qc2 d5 5.cxd5 exd5 6.Bg5 Nc6 7.e3 h6 8.Bh4 g5
9.Bg3 Ne4 10.Bd3 Bf5 11.Ne2 Qe7 12.O-O O-O-O 13.Nxe4 Bxe4 14.Rac1 f5 15.a3 Bd6
16.Bxd6 Qxd6 17.Nc3 Rhf8 18.Na4 Bxd3 19.Qxd3 Na5 20.Qb5 Nc4 21.Nc5 Nb6 22.a4
c6 23.Qb4 Rf7 24.a5 Na8 25.Qc3 {#r} 1-0

[Event "Ch Croatia (team) (1st league) (a)"]
[Site "masterchessopen.com Sibenik (Croatia)"]
[Date "2012.09.25"]
[Round "3"]
[White "Martic Zlatko (CRO)"]
[Black "Kuljasevic Davorin (CRO)"]
[Result "0-1"]
[WhiteElo "2331"]
[BlackElo "2555"]

1.d4 Nf6 2.c4 e6 3.Nc3 Bb4 4.Qc2 d5 5.cxd5 exd5 6.Nf3 c5 7.Bg5 Nbd7 8.a3 Bxc3+
9.Qxc3 c4 10.e3 h6 11.Bxf6 Nxf6 12.Nd2 Bf5 13.a4 O-O 14.Be2 Qe7 15.O-O Rac8
16.Rfc1 Rc6 17.b3 cxb3 18.Qxb3 Rfc8 19.Rxc6 Rxc6 20.Bf3 Qc7 21.Nf1 Rc3 22.Qa2
Bd3 23.Rd1 Qc6 24.h3 a5 25.Ng3 g6 26.e4 dxe4 27.d5 Qc5 28.Be2 Rc2 29.Qa1 Nxd5
30.Qe5 Nc3 31.Qe8+ Kg7 {#R} 0-1

[Event "It (cat.7)"]
[Site "masterchessopen.com Heviz (Hungary)"]
[Date "2012.09.27"]
[Round "5"]
[White "Hoelzl Franz (AUT)"]
[Black "Aswin Jayaram (IND)"]
[Result "0-1"]
[WhiteElo "2321"]
[BlackElo "2480"]

1.d4 Nf6 2.c4 e6 3.Nc3 Bb4 4.Qc2 d5 5.cxd5 exd5 6.Bg5 h6 7.Bxf6 Qxf6 8.a3
Bxc3+ 9.Qxc3 O-O 10.e3 Bf5 11.Ne2 Rc8 12.Rc1 Nd7 13.b4 a5 14.Qb3 axb4 15.axb4
c6 16.Ng3 Bg6 17.Be2 b5 18.Bg4 Rc7 19.Bxd7 Rxd7 20.O-O Ra4 21.Rc3 Rda7 22.Qd1
Rxb4 23.Qg4 Rc4 24.h4 Ra2 25.Rxc4 bxc4 26.f4 Bd3 {#R} 0-1